000 00422nam a2200193Ia 4500
008 240510s9999 xx 000 0 und d
020 _a0000078819652
041 _aEng
082 _a004.61
082 _bS32
100 _aSheldon.T
245 0 _aLAN Times Encyclopedia of Networking
260 _bMaGraw Hill: USA
260 _c1994
300 _a1006 p.
650 _aNETWORK
942 _2ddc
942 _cLBK
999 _c27384
_d27384
945 _a1
_bMadushi Gamage
_c1
_dMadushi Gamage